000 00792nam a22001937a 4500
003 AM-YEHGA
005 20250617164512.0
008 220323b ||||| |||| 00| 0 rus d
040 _aAM-YeHGA
100 1 _aСоболева, Лидия Петровна.
245 1 0 _aЗадачник по теории электромагнитного поля /
_cЛ. П. Соболева, Я. Н. Колли ; Моск. ордена Ленина энергет. ин-т, Каф. теорет. основ электротехники.
260 _aМосква :
_bБ. и.,
_c1962.
300 _a76 с.,
_bил.
653 0 _aЭлектромагнитное поле, теория - Задачи
700 1 _aКолли, Я. Н.
942 _2udc
_cBK
001 1825207
090 _c532557
999 _c525350
_d525350